Advanced Differential Equations (Record no. 180817)
[ view plain ]
| 000 -LEADER | |
|---|---|
| fixed length control field | 00717 a2200181 4500 |
| 003 - CONTROL NUMBER IDENTIFIER | |
| control field | Nust |
| 005 - DATE AND TIME OF LATEST TRANSACTION | |
| control field | 20221121113452.0 |
| 020 ## - INTERNATIONAL STANDARD BOOK NUMBER | |
| International Standard Book Number | 8121908930 |
| 040 ## - CATALOGING SOURCE | |
| Transcribing agency | Nust |
| 082 ## - DEWEY DECIMAL CLASSIFICATION NUMBER | |
| Classification number | 515.35,RAI |
| 100 ## - MAIN ENTRY--PERSONAL NAME | |
| Personal name | Raisinghania .M.D |
| 9 (RLIN) | 8775 |
| 245 ## - TITLE STATEMENT | |
| Title | Advanced Differential Equations |
| Remainder of title | Including Boundary Value Problems / |
| Statement of responsibility, etc. | M.D.Raisinghania |
| 260 ## - PUBLICATION, DISTRIBUTION, ETC. | |
| Place of publication, distribution, etc. | New Delhi |
| Name of publisher, distributor, etc. | S,Chand & Co |
| Date of publication, distribution, etc. | 2005 |
| 300 ## - PHYSICAL DESCRIPTION | |
| Extent | 434,370,178:p |
| 505 ## - FORMATTED CONTENTS NOTE | |
| Formatted contents note | Part-1: Ordinary Differential Equations (Page1-434), Part-2: Partial Differential Equations (Page1-370), Part-3: Boundary Value Problems (Page1-175), Part-4: Laplace Transform and its Applications (Page 3- 53). |
| 650 ## - SUBJECT ADDED ENTRY--TOPICAL TERM | |
| Topical term or geographic name entry element | Advanced Differential Equations |
| 9 (RLIN) | 103248 |
| 942 ## - ADDED ENTRY ELEMENTS (KOHA) | |
| Source of classification or shelving scheme | |
| Koha item type | Book |
| Call number prefix | 515.35,RAI |
| Withdrawn status | Lost status | Source of classification or shelving scheme | Damaged status | Not for loan | Permanent Location | Current Location | Shelving location | Date acquired | Full call number | Barcode | Date last seen | Price effective from | Koha item type | Public note |
|---|---|---|---|---|---|---|---|---|---|---|---|---|---|---|
| Military College of Signals (MCS) | Military College of Signals (MCS) | General Stacks | 12/12/2016 | 515.35,RAI | MCS32554 | 12/08/2016 | 12/12/2016 | Book | Almirah No.13, Shelf No. 4 |
